000 00310nam a22001217a 4500
020 _a9789350562604
082 _a631.587
_bSHI/EN
100 _aShivanna,H
_9410
245 _aEngineering For Agricultural Drainage
260 _aNew Delhi
_bDiscovery Publishing House Pvt.Ltd
_c2013
300 _a183
942 _cBK
999 _c14296
_d14296